Bon Appétit - Katy Perry Feat. Migos - All Lyrics - Statistics

General Stats
  • This quiz has been taken 58 times
  • The average score is 344 of 514
Answer Stats
Answer % Correct
a
100%
a-,
100%
A
100%
I
96%
you
96%
You
96%
(Oh)
94%
(Woo)
94%
(Woo),
94%
that
92%
when
92%
all
91%
All
91%
(All
91%
appétit,
91%
appétit)
91%
Bon
91%
bon
91%
(Bon
91%
I'm
89%
I’m
89%
"I'm
89%
me
89%
baby
87%
boy
87%
the
87%
want,
87%
want
87%
want)
87%
can
85%
your
85%
'Cause
83%
‘Cause
83%
have,
83%
for
79%
For
79%
(For
79%
like
79%
like"
79%
Got
77%
got
77%
and
75%
And
75%
buffet
75%
spread
74%
in
70%
In
70%
on
68%
on,
68%
out
68%
Under
68%
We
68%
of
66%
oven
66%
oven)
66%
Fresh
64%
(Fresh
64%
with
64%
menu
62%
seduction
62%
two
62%
two)
62%
candlelight
60%
it's
60%
mouth
58%
take
57%
time
57%
dine
55%
hands,
55%
lovin'
55%
lovin’
55%
So
55%
table
55%
wine
55%
Appetite
53%
Eat
53%
If
53%
Melt
53%
right
51%
right,
51%
eyes
49%
fine
49%
kind
49%
sweet
49%
Sweet
49%
(Sweet)
49%
(Sweet),
49%
what
47%
hungry
45%
okay
45%
pie
45%
those
43%
tooth
43%
do
42%
Let
42%
more
42%
No
42%
no
42%
(No)
42%
some
42%
Gonna
40%
Looks
40%
my
40%
cherry
38%
five-star
38%
twenty-four
38%
been
36%
change
36%
(Change)
36%
could
36%
hit
36%
night
36%
night,
36%
always
34%
her,
34%
her
34%
Michelin
34%
potato
34%
use
34%
Every
32%
mind
32%
Well,
32%
ain't
30%
at
30%
back
30%
best
30%
light
30%
open
30%
starvin'
30%
single
28%
world's
28%
But
26%
It'll
26%
sugar
26%
they
26%
Wanna
26%
cookin',
25%
Migo
25%
runnin'
25%
(Runnin')
25%
satisfied
25%
seconds
25%
she
25%
"Get
23%
hot
23%
(Hot)
23%
keep
23%
levels
23%
now
23%
room
23%
say
23%
Say
23%
cream
21%
Customer’s
21%
life
21%
one
21%
ready"
21%
"What's
21%
Hope
19%
Kobe
19%
legs
19%
Lookin'
19%
Make
19%
make
19%
(Whip),
19%
(Whip)
19%
Whipped
19%
ask
17%
just
17%
price?"
17%
divide,
15%
fairy
15%
horses
15%
ride,
15%
flown
13%
grab
13%
whatever
13%
blind
11%
carriage
11%
dime,
11%
(Dime)
11%
donut
11%
screamin',
11%
told
11%
aight
9%
(Aight)
9%
climate
9%
dairy
9%
diamonds
9%
drippin'
9%
ice
9%
waterfall,
9%
wet
9%
spine
8%
No matching quizzes found
Score Distribution
Percent of People with Each Score
Percentile by Number Answered
Your Score History
You have not taken this quiz